000
00300nam a22001337a 4500
008
170803b xxu||||| |||| 00| 0 eng d
020
_a
9781890774516
041
_a
eng
080
_a
004
100
_a
32
101
_a
SHK
245
_a
SQL SERVER 2008 FOR DEVELOPERS
_c
SYVERSON,B
942
_2
udc
_c
BK
999
_c
22630
_d
22630